[Event "CZE-chT2A 1920"]
[Site "Czech Republic"]
[Date "2019.11.17"]
[Round "3.7"]
[White "Mares, Daniel"]
[Black "Matejka, Petr"]
[Result "1/2-1/2"]
[WhiteElo "1857"]
[BlackElo "2041"]
[PlyCount "59"]
[EventDate "2019.10.13"]
[EventType "team-tourn"]
[EventRounds "11"]
[EventCountry "CZE"]
[SourceTitle "EXT 2024"]
[Source "ChessBase"]
[SourceDate "2023.10.10"]
[SourceVersion "1"]
[SourceVersionDate "2023.10.10"]
[SourceQuality "1"]
[WhiteTeam "Pisek"]
[BlackTeam "Praha Bohemians"]
[WhiteTeamCountry "CZE"]
[BlackTeamCountry "CZE"]

1. e4 c6 2. d4 d5 3. e5 Bf5 4. h3 e6 5. Nf3 h6 6. Nbd2 Nd7 7. Nb3 Qc7 8. Nh4 Bh7 9. f4 Be7 10. Nf3 Be4 11. Bd3 c5 12. dxc5 Nxc5 13. Bb5+ Nd7 14. c3 a6 15. Bd3 Nc5 16. Nxc5 Qxc5 17. Bxe4 dxe4 18. Nd4 Bh4+ 19. Kf1 Ne7 20. Qe2 Nf5 21. Nxf5 exf5 22. Be3 Qe7 23. Rd1 Rd8 24. Bf2 Bxf2 25. Rxd8+ Qxd8 26. Kxf2 Qb6+ 27. Kg3 0-0 28. Rd1 Rd8 29. Rxd8+ Qxd8 30. Qe3 1/2-1/2

[Event "CZE-chT1W 1718"]
[Site "Czech Republic"]
[Date "2018.02.04"]
[Round "7.5"]
[White "Matejka, Petr"]
[Black "Sokolov, Alexander"]
[Result "0-1"]
[WhiteElo "2090"]
[BlackElo "2388"]
[PlyCount "108"]
[EventDate "2017.10.29"]
[EventType "team-tourn"]
[EventRounds "11"]
[EventCountry "CZE"]
[SourceTitle "EXT 2019"]
[Source "ChessBase"]
[SourceDate "2018.10.10"]
[SourceVersion "1"]
[SourceVersionDate "2018.10.10"]
[SourceQuality "1"]
[WhiteTeam "Praha Bohemians"]
[BlackTeam "Pankrac"]
[WhiteTeamCountry "CZE"]
[BlackTeamCountry "CZE"]

1. d4 Nf6 2. c4 g6 3. Nc3 Bg7 4. g3 0-0 5. Bg2 d6 6. Nf3 Nbd7 7. 0-0 e5 8. dxe5 dxe5 9. Qc2 c6 10. Rd1 Re8 11. e4 Qc7 12. b3 Nc5 13. Bb2 Bg4 14. h3 Bxf3 15. Bxf3 a5 16. Bg2 Qb6 17. Ba3 Bf8 18. Bxc5 Bxc5 19. Na4 Qa7 20. Nxc5 Qxc5 21. Rd3 Red8 22. Rad1 Rxd3 23. Rxd3 Qb4 24. Qc1 Re8 25. Kh2 Qc5 26. Qd2 Kg7 27. Bf3 a4 28. h4 h5 29. Kg2 axb3 30. axb3 Ra8 31. Qg5 Ra2 32. Rd2 Ra1 33. Rd3 Rb1 34. Qe3 Qxe3 35. fxe3 Rb2+ 36. Kg1 Kf8 37. Bg2 Ke8 38. c5 Rb1+ 39. Kf2 Ng4+ 40. Ke2 Rb2+ 41. Kf1 Rf2+ 42. Kg1 Rc2 43. Bf3 Rxc5 44. Be2 Nf6 45. Bf3 Ke7 46. Kg2 Rc2+ 47. Kg1 Nd7 48. g4 hxg4 49. Bxg4 Nc5 50. Rd1 Rb2 51. h5 gxh5 52. Bxh5 Rxb3 53. Kf2 Nxe4+ 54. Kf3 Nf6 0-1

[Event "CZE-chT2A 1718"]
[Site "Czech Republic"]
[Date "2017.12.17"]
[Round "5.6"]
[White "Matejka, Petr"]
[Black "Zikmund, Daniel"]
[Result "1-0"]
[WhiteElo "2090"]
[BlackElo "1865"]
[PlyCount "99"]
[EventDate "2017.10.15"]
[EventType "team-tourn"]
[EventRounds "11"]
[EventCountry "CZE"]
[SourceTitle "EXT 2022"]
[Source "ChessBase"]
[SourceDate "2021.10.06"]
[SourceVersion "1"]
[SourceVersionDate "2021.10.06"]
[SourceQuality "1"]
[WhiteTeam "Praha Bohemians II"]
[BlackTeam "Praha Smichov"]
[WhiteTeamCountry "CZE"]
[BlackTeamCountry "CZE"]

1. d4 d5 2. c4 e6 3. Nc3 c5 4. cxd5 exd5 5. Nf3 c4 6. g3 Bb4 7. Bg2 Ne7 8. 0-0 0-0 9. Bg5 f6 10. Bd2 Nbc6 11. a3 Ba5 12. e3 Kh8 13. Nh4 Be6 14. Re1 Bf7 15. Bh3 Rb8 16. b4 cxb3 17. Qxb3 b5 18. Rec1 g5 19. Nf3 Bh5 20. Bg2 b4 21. axb4 Bxb4 22. Qa2 Qd7 23. Na4 a5 24. Nc5 Qf5 25. Ne1 Bxd2 26. Qxd2 Rfd8 27. Qd3 Bg6 28. Bf1 Rb2 29. Qxf5 Bxf5 30. Na4 Rbb8 31. Rc5 Rd6 32. Nc3 Rdd8 33. Bb5 Rd6 34. f3 Be6 35. Nd3 h5 36. Kg2 Nb4 37. Nc1 Nc2 38. Rxa5 Nxe3+ 39. Kf2 N3f5 40. N1e2 Rdb6 41. Rc7 g4 42. Rca7 Nc8 43. Ra8 gxf3 44. Kxf3 Nfe7 45. Rxb8 Rxb8 46. Kf2 Nf5 47. Ra6 Ncd6 48. Bd3 Bc8 49. Rc6 Bb7 50. Rb6 1-0

[Event "CZE-chT2A 1718"]
[Site "Czech Republic"]
[Date "2017.11.19"]
[Round "3.7"]
[White "Srba, Stanislav"]
[Black "Matejka, Petr"]
[Result "0-1"]
[WhiteElo "1964"]
[BlackElo "2090"]
[PlyCount "70"]
[EventDate "2017.10.15"]
[EventType "team-tourn"]
[EventRounds "11"]
[EventCountry "CZE"]
[SourceTitle "EXT 2022"]
[Source "ChessBase"]
[SourceDate "2021.10.06"]
[SourceVersion "1"]
[SourceVersionDate "2021.10.06"]
[SourceQuality "1"]
[WhiteTeam "Sokolov"]
[BlackTeam "Praha Bohemians II"]
[WhiteTeamCountry "CZE"]
[BlackTeamCountry "CZE"]

1. d4 Nf6 2. c4 g6 3. g3 d5 4. Bg2 c6 5. Nc3 dxc4 6. Qa4 Be6 7. Nh3 Nd5 8. Ng5 Nb6 9. Nxe6 fxe6 10. Qd1 Bg7 11. e3 Na6 12. 0-0 0-0 13. Qe2 Nc7 14. Ne4 e5 15. dxe5 Bxe5 16. Nc5 Qc8 17. a4 a5 18. Bd2 Ncd5 19. Ra3 Bd6 20. b4 cxb3 21. Rxb3 Bxc5 22. e4 Nb4 23. Bh6 Rf7 24. Bf3 Qe6 25. Rb2 Qf6 26. Bg4 g5 27. Bh5 Qxh6 28. Bxf7+ Kxf7 29. Rd2 Rf8 30. Qg4 Qf6 31. Kg2 Kg6 32. f4 h5 33. Qe2 g4 34. f5+ Kh6 35. Rc1 Qe5 0-1

[Event "CZE-chT2A 1617"]
[Site "Czech Republic"]
[Date "2017.01.29"]
[Round "7.7"]
[White "Matejka, Petr"]
[Black "Molnar, Ladislav"]
[Result "1-0"]
[WhiteElo "2082"]
[BlackElo "1775"]
[PlyCount "57"]
[EventDate "2016.10.09"]
[EventType "team-tourn"]
[EventRounds "11"]
[EventCountry "CZE"]
[SourceTitle "EXT 2022"]
[Source "ChessBase"]
[SourceDate "2021.10.06"]
[SourceVersion "1"]
[SourceVersionDate "2021.10.06"]
[SourceQuality "1"]
[WhiteTeam "Praha Bohemians II"]
[BlackTeam "Karlovy Vary Tietz II"]
[WhiteTeamCountry "CZE"]
[BlackTeamCountry "CZE"]

1. d4 d5 2. c4 e6 3. Nc3 Nf6 4. Bg5 Be7 5. Nf3 0-0 6. e3 Nbd7 7. Bd3 dxc4 8. Bxc4 c5 9. 0-0 cxd4 10. Nxd4 Ne5 11. Bb3 Ng6 12. Bc2 Qa5 13. h4 Nd5 14. Ne4 h6 15. Bxe7 Ngxe7 16. a3 e5 17. b4 Qb6 18. Nb3 f5 19. Nec5 Qf6 20. h5 b6 21. e4 Nf4 22. Nd3 Bb7 23. Nxf4 exf4 24. Qf3 Qg5 25. Rad1 Rac8 26. Bb1 Rcd8 27. Nd4 Rd6 28. Qb3+ Kh7 29. Nf3 1-0

[Event "CZE-chT1W 1617"]
[Site "Czech Republic"]
[Date "2017.01.22"]
[Round "6.4"]
[White "Matejka, Petr"]
[Black "Postupa, Pavel1111"]
[Result "1-0"]
[WhiteElo "2049"]
[BlackElo "2216"]
[PlyCount "89"]
[EventDate "2016.10.16"]
[EventType "team-tourn"]
[EventRounds "11"]
[EventCountry "CZE"]
[SourceTitle "CBM 177 Extra"]
[Source "ChessBase"]
[SourceDate "2017.04.27"]
[SourceVersion "1"]
[SourceVersionDate "2017.04.27"]
[SourceQuality "1"]
[WhiteTeam "Praha Bohemians"]
[BlackTeam "Praha Grop"]
[WhiteTeamCountry "CZE"]
[BlackTeamCountry "CZE"]

1. d4 Nf6 2. c4 g6 3. Nc3 d5 4. cxd5 Nxd5 5. e4 Nxc3 6. bxc3 Bg7 7. Nf3 c5 8. Be2 Nc6 9. Be3 Bg4 10. e5 0-0 11. 0-0 Qd7 12. h3 Bf5 13. Qb3 cxd4 14. cxd4 Rac8 15. Qa3 Be4 16. Rad1 Rfd8 17. Qb2 Bd5 18. Nd2 Rc7 19. f4 e6 20. Bd3 Na5 21. Bf2 Rdc8 22. Rc1 Qa4 23. Ne4 Nc4 24. Qe2 b6 25. Nc3 Qa5 26. Nxd5 Qxd5 27. Be4 Qa5 28. Rfd1 Na3 29. Rxc7 Rxc7 30. d5 exd5 31. Rxd5 Qc3 32. Rd8+ Bf8 33. Kh2 Nc2 34. Bxc2 Qxc2 35. Qxc2 Rxc2 36. Bh4 Rc7 37. Bg5 Kg7 38. Bf6+ Kg8 39. Rb8 h6 40. h4 b5 41. h5 gxh5 42. Kh3 b4 43. Kh4 a5 44. Bd8 Ra7 45. Bb6 1-0

[Event "CZE-chT2A 1617"]
[Site "Czech Republic"]
[Date "2016.11.27"]
[Round "4.5"]
[White "Krejcik, Jiri"]
[Black "Matejka, Petr"]
[Result "0-1"]
[WhiteElo "2151"]
[BlackElo "2082"]
[PlyCount "148"]
[EventDate "2016.10.09"]
[EventType "team-tourn"]
[EventRounds "11"]
[EventCountry "CZE"]
[SourceTitle "EXT 2022"]
[Source "ChessBase"]
[SourceDate "2021.10.06"]
[SourceVersion "1"]
[SourceVersionDate "2021.10.06"]
[SourceQuality "1"]
[WhiteTeam "Karlovy Vary Tietz"]
[BlackTeam "Praha Bohemians II"]
[WhiteTeamCountry "CZE"]
[BlackTeamCountry "CZE"]

1. e4 c6 2. d4 d5 3. Nc3 dxe4 4. Nxe4 Bf5 5. Ng3 Bg6 6. Nf3 Nd7 7. h4 h6 8. Bd3 Bxd3 9. Qxd3 Qc7 10. Bd2 Ngf6 11. 0-0-0 e6 12. Kb1 0-0-0 13. c4 c5 14. Bc3 Be7 15. Qe2 Rhe8 16. Ne5 Rf8 17. Rhe1 cxd4 18. Bxd4 Bb4 19. Rf1 Nxe5 20. Bxe5 Qc6 21. a3 Bd6 22. f4 Bc7 23. Rf3 Rxd1+ 24. Qxd1 Rd8 25. Qc2 Ne8 26. Ne4 f5 27. Nf2 Bxe5 28. fxe5 Rd4 29. Nd3 Qxc4 30. Qxc4+ Rxc4 31. g3 g5 32. hxg5 hxg5 33. b3 Re4 34. Kc2 Nc7 35. Kd2 Nd5 36. Rf1 b6 37. Rh1 Rg4 38. Rh8+ Kd7 39. Rh7+ Ne7 40. Rh3 a5 41. Nf2 Rd4+ 42. Kc3 Rd5 43. Nd3 Kc6 44. Rh7 Rd7 45. Rh6 Kd5 46. Rh5 Ke4 47. Nf2+ Ke3 48. Nh3 Rc7+ 49. Kb2 f4 50. gxf4 gxf4 51. Ng5 Rc6 52. b4 Nf5 53. b5 Rc5 54. Nxe6 Rxb5+ 55. Kc3 Rxe5 56. Rh3+ Ng3 57. Nxf4 Rc5+ 58. Kb3 Kxf4 59. Rh6 b5 60. Ra6 Nf5 61. Rxa5 Nd4+ 62. Kb2 Rc2+ 63. Kb1 Rc4 64. Kb2 Ke3 65. Ra8 Rc2+ 66. Kb1 Kd3 67. Rd8 Rc4 68. Kb2 Rc2+ 69. Kb1 Rh2 70. Rg8 Rf2 71. Rc8 Nf3 72. Rc7 Nd2+ 73. Kc1 Nc4 74. Ra7 Rf1# 0-1

[Event "CZE-chT2A 1617"]
[Site "Czech Republic"]
[Date "2016.10.30"]
[Round "2.7"]
[White "Kaderavek, Jan"]
[Black "Matejka, Petr"]
[Result "1/2-1/2"]
[WhiteElo "2149"]
[BlackElo "2082"]
[PlyCount "89"]
[EventDate "2016.10.09"]
[EventType "team-tourn"]
[EventRounds "11"]
[EventCountry "CZE"]
[SourceTitle "EXT 2022"]
[Source "ChessBase"]
[SourceDate "2021.10.06"]
[SourceVersion "1"]
[SourceVersionDate "2021.10.06"]
[SourceQuality "1"]
[WhiteTeam "Plzen Kosutka"]
[BlackTeam "Praha Bohemians II"]
[WhiteTeamCountry "CZE"]
[BlackTeamCountry "CZE"]

1. d4 Nf6 2. f4 d5 3. Nf3 Bf5 4. e3 e6 5. c4 Bb4+ 6. Nc3 0-0 7. Qb3 Nc6 8. Bd2 Rb8 9. h3 Bxc3 10. Bxc3 Ne4 11. cxd5 exd5 12. g4 Nxc3 13. Qxc3 Be4 14. Kf2 Re8 15. Bd3 Bxf3 16. Kxf3 Qe7 17. Rae1 Qh4 18. Re2 Re6 19. Bf5 Rd6 20. b4 a6 21. a3 Re8 22. Qe1 Qf6 23. Qf2 Na7 24. Bd3 Qe7 25. Rc1 Rc6 26. Rxc6 Nxc6 27. g5 g6 28. h4 Qe6 29. Qg3 Ne7 30. Qg4 Nf5 31. h5 Kg7 32. h6+ Kg8 33. Bxf5 gxf5 34. Qg1 Qg6 35. Rh2 Qe6 36. Re2 Qg6 37. Kf2 Qe6 38. Qc1 c6 39. Qc5 Qd7 40. a4 f6 41. b5 axb5 42. axb5 fxg5 43. fxg5 Kf7 44. bxc6 bxc6 45. Ra2 1/2-1/2

[Event "CZE-chT2A 1617"]
[Site "Czech Republic"]
[Date "2016.10.09"]
[Round "1.7"]
[White "Matejka, Petr"]
[Black "Volf, Jaromir"]
[Result "1/2-1/2"]
[WhiteElo "2082"]
[BlackElo "2079"]
[PlyCount "92"]
[EventDate "2016.10.09"]
[EventType "team-tourn"]
[EventRounds "11"]
[EventCountry "CZE"]
[SourceTitle "EXT 2022"]
[Source "ChessBase"]
[SourceDate "2021.10.06"]
[SourceVersion "1"]
[SourceVersionDate "2021.10.06"]
[SourceQuality "1"]
[WhiteTeam "Praha Bohemians II"]
[BlackTeam "Kladno"]
[WhiteTeamCountry "CZE"]
[BlackTeamCountry "CZE"]

1. d4 d5 2. c4 e6 3. Nc3 f5 4. Nf3 Nf6 5. Bg5 Be7 6. Rc1 0-0 7. Qb3 c6 8. e3 Nbd7 9. Bd3 Ne4 10. cxd5 exd5 11. Bxe4 Bxg5 12. Bxd5+ Kh8 13. Nxg5 Qxg5 14. Bf3 Qf6 15. Ne2 g5 16. g3 Nb6 17. h4 g4 18. Bg2 Be6 19. Qc2 Bd5 20. 0-0 Rad8 21. b3 Rfe8 22. Nf4 Be4 23. Qe2 Nd5 24. Nxd5 Rxd5 25. Rc5 Bxg2 26. Kxg2 Rxd4 27. Qc2 Rde4 28. Rd1 R8e7 29. Qd3 b6 30. Rc2 R4e6 31. Qd8+ Kg7 32. Rd7 c5 33. Rcd2 Qf8 34. Qc7 Qa8+ 35. Kg1 Kf7 36. Qf4 Qf3 37. Rxe7+ Rxe7 38. Qg5 Qe4 39. Qh5+ Kg7 40. Rd6 Qe5 41. Qh6+ Kg8 42. Rd8+ Re8 43. Rxe8+ Qxe8 44. Qg5+ Qg6 45. Qd8+ Kg7 46. Qd7+ Qf7 1/2-1/2

[Event "CZE-chT2C 1516"]
[Site "Czech Republic"]
[Date "2016.03.13"]
[Round "9.7"]
[White "Vokolek, Jaroslav"]
[Black "Matejka, Petr"]
[Result "0-1"]
[WhiteElo "1913"]
[BlackElo "2073"]
[PlyCount "88"]
[EventDate "2015.10.18"]
[EventType "team-tourn"]
[EventRounds "11"]
[EventCountry "CZE"]
[SourceTitle "EXT 2022"]
[Source "ChessBase"]
[SourceDate "2021.10.06"]
[SourceVersion "1"]
[SourceVersionDate "2021.10.06"]
[SourceQuality "1"]
[WhiteTeam "Kutna Hora"]
[BlackTeam "Praha Bohemians"]
[WhiteTeamCountry "CZE"]
[BlackTeamCountry "CZE"]

1. d4 Nf6 2. c4 g6 3. Nc3 d5 4. Nf3 Bg7 5. g3 0-0 6. Bg2 c6 7. cxd5 cxd5 8. 0-0 Nc6 9. Bf4 Bf5 10. Qb3 Na5 11. Qb4 Rc8 12. b3 Re8 13. Rac1 Bf8 14. Ne5 e6 15. Qa4 a6 16. b4 Nc4 17. Bg5 Be7 18. Rfd1 Nb2 19. Qb3 Nxd1 20. Rxd1 Nd7 21. Bxe7 Qxe7 22. g4 Nxe5 23. gxf5 Ng4 24. h3 Nf6 25. fxe6 fxe6 26. e3 Kg7 27. a3 b5 28. Ne2 Rc4 29. Rc1 Rec8 30. Rxc4 Rxc4 31. Nf4 Rc1+ 32. Bf1 Ne4 33. Qb2 Qh4 34. Ng2 Rxf1+ 35. Kxf1 Qxh3 36. Kg1 Ng5 37. Ne1 Qg4+ 38. Kf1 Nh3 39. Ng2 Qf3 40. Qc2 h5 41. Qd2 Qe4 42. Qb2 Ng5 43. Nf4 h4 44. Qc1 Qh1+ 0-1

[Event "CZE-chT2C 1415"]
[Site "Czech Republic"]
[Date "2015.03.15"]
[Round "9.7"]
[White "Hrubant, Ivan"]
[Black "Matejka, Petr"]
[Result "1/2-1/2"]
[WhiteElo "2052"]
[BlackElo "2057"]
[PlyCount "44"]
[EventDate "2014.11.02"]
[EventType "team-tourn"]
[EventRounds "11"]
[EventCountry "CZE"]
[SourceTitle "EXT 2022"]
[Source "ChessBase"]
[SourceDate "2021.10.06"]
[SourceVersion "1"]
[SourceVersionDate "2021.10.06"]
[SourceQuality "1"]
[WhiteTeam "Ricany"]
[BlackTeam "Praha Bohemians II"]
[WhiteTeamCountry "CZE"]
[BlackTeamCountry "CZE"]

1. d4 Nf6 2. Nf3 g6 3. c4 Bg7 4. Nc3 d5 5. cxd5 Nxd5 6. e4 Nxc3 7. bxc3 c5 8. Be3 0-0 9. Rc1 Qa5 10. Qd2 Nc6 11. d5 Ne5 12. Nxe5 Bxe5 13. f4 Bg7 14. c4 Qxd2+ 15. Kxd2 b6 16. Be2 Re8 17. Bf3 Ba6 18. e5 Rad8 19. Ke2 e6 20. Kf2 f6 21. exf6 Bxf6 22. dxe6 Bc8 1/2-1/2

[Event "CZE-chT2C 1415"]
[Site "Czech Republic"]
[Date "2015.01.11"]
[Round "5.4"]
[White "Matejka, Petr"]
[Black "Sedlacek, Oldrich"]
[Result "0-1"]
[WhiteElo "2057"]
[BlackElo "2212"]
[PlyCount "80"]
[EventDate "2014.11.02"]
[EventType "team-tourn"]
[EventRounds "11"]
[EventCountry "CZE"]
[SourceTitle "EXT 2022"]
[Source "ChessBase"]
[SourceDate "2021.10.06"]
[SourceVersion "1"]
[SourceVersionDate "2021.10.06"]
[SourceQuality "1"]
[WhiteTeam "Praha Bohemians II"]
[BlackTeam "Jihlava Gordic"]
[WhiteTeamCountry "CZE"]
[BlackTeamCountry "CZE"]

1. d4 d5 2. c4 c6 3. Nc3 Nf6 4. cxd5 cxd5 5. Nf3 Nc6 6. Bg5 Ne4 7. Bh4 Qa5 8. Qb3 e6 9. e3 Qb4 10. Qc2 Bd6 11. Bd3 f5 12. Bxe4 fxe4 13. Nd2 Qa5 14. 0-0 0-0 15. a3 Qc7 16. f4 Ne7 17. Bf2 g5 18. Qd1 gxf4 19. Nb5 Qd7 20. Nxd6 Qxd6 21. Qh5 Nf5 22. Qh3 Bd7 23. Rfe1 Kh8 24. Rac1 Rf6 25. Nf1 Rh6 26. Qg4 f3 27. g3 Bb5 28. Rc3 Rg6 29. Qf4 Qxf4 30. exf4 Bxf1 31. Rxf1 h5 32. Kh1 Rag8 33. Rc7 R6g7 34. Rc3 a6 35. Re1 h4 36. gxh4 Rg2 37. Rf1 R8g4 38. Rb3 b5 39. a4 bxa4 40. Ra3 Kh7 0-1

[Event "CZE-chT2C 1415"]
[Site "Czech Republic"]
[Date "2014.12.14"]
[Round "4.7"]
[White "Matejka, Petr"]
[Black "Vyprachticky, David"]
[Result "1-0"]
[WhiteElo "2057"]
[BlackElo "2146"]
[PlyCount "111"]
[EventDate "2014.11.02"]
[EventType "team-tourn"]
[EventRounds "11"]
[EventCountry "CZE"]
[SourceTitle "EXT 2022"]
[Source "ChessBase"]
[SourceDate "2021.10.06"]
[SourceVersion "1"]
[SourceVersionDate "2021.10.06"]
[SourceQuality "1"]
[WhiteTeam "Praha Bohemians II"]
[BlackTeam "Praha Oaza"]
[WhiteTeamCountry "CZE"]
[BlackTeamCountry "CZE"]

1. d4 Nf6 2. c4 g6 3. Nc3 Bg7 4. g3 0-0 5. Bg2 d6 6. Nf3 Nc6 7. d5 Na5 8. Nd2 c5 9. 0-0 a6 10. a3 Nd7 11. Qc2 Ne5 12. b3 b5 13. cxb5 axb5 14. b4 Nb7 15. bxc5 Nxc5 16. Rb1 Ba6 17. Nxb5 Qa5 18. Nd4 Rfc8 19. Qd1 Na4 20. N2b3 Qb6 21. Bd2 Nc3 22. Bxc3 Rxc3 23. Nc6 Nxc6 24. dxc6 Qc7 25. Nd4 d5 26. a4 Rc5 27. Nb3 Rxc6 28. Qxd5 Bb7 29. Nd4 Rb6 30. Nb5 Qb8 31. Qc4 Bxg2 32. Kxg2 Ra5 33. Kg1 Qa8 34. Rb4 e6 35. Qf4 Qb8 36. Qh4 Bf8 37. Rc4 Qe5 38. e3 Rb8 39. Rd1 Raa8 40. Rd7 Bg7 41. Qe7 Rf8 42. Rf4 Rae8 43. Qb4 Bh6 44. Re4 Qa1+ 45. Kg2 Rd8 46. Red4 Rxd7 47. Rxd7 Qc1 48. Rc7 Qd1 49. Nd4 Bg7 50. Nc6 Bf6 51. a5 Bd8 52. Rc8 Re8 53. Qc4 Qd7 54. Ne5 Qa7 55. a6 Kg7 56. Nc6 1-0

[Event "CZE-chT2B 1314"]
[Site "Czech Republic"]
[Date "2014.04.06"]
[Round "11.4"]
[White "Trmal, Jaroslav"]
[Black "Matejka, Petr"]
[Result "1/2-1/2"]
[WhiteElo "2218"]
[BlackElo "2088"]
[PlyCount "38"]
[EventDate "2013.11.03"]
[EventType "team-tourn"]
[EventRounds "11"]
[EventCountry "CZE"]
[SourceTitle "EXT 2015"]
[Source "ChessBase"]
[SourceDate "2014.11.20"]
[SourceVersion "1"]
[SourceVersionDate "2014.11.20"]
[SourceQuality "1"]
[WhiteTeam "Neratovice"]
[BlackTeam "Praha Bohemians II"]
[WhiteTeamCountry "CZE"]
[BlackTeamCountry "CZE"]

1. d4 Nf6 2. c4 g6 3. Nc3 d5 4. cxd5 Nxd5 5. e4 Nxc3 6. bxc3 c5 7. Bb5+ Bd7 8. Bxd7+ Nxd7 9. Ne2 Bg7 10. 0-0 0-0 11. Rb1 b6 12. Bg5 Re8 13. Qd2 Qc8 14. Rfd1 Qa6 15. Ng3 Rac8 16. Rdc1 Qa4 17. d5 Qc4 18. h4 Nf6 19. f3 Rcd8 1/2-1/2

[Event "CZE-chT2B 1314"]
[Site "Czech Republic"]
[Date "2014.03.02"]
[Round "9.5"]
[White "Matejka, Petr"]
[Black "Ksana, Vaclav"]
[Result "1-0"]
[WhiteElo "2088"]
[BlackElo "2101"]
[PlyCount "43"]
[EventDate "2013.11.03"]
[EventType "team-tourn"]
[EventRounds "11"]
[EventCountry "CZE"]
[SourceTitle "EXT 2015"]
[Source "ChessBase"]
[SourceDate "2014.11.20"]
[SourceVersion "1"]
[SourceVersionDate "2014.11.20"]
[SourceQuality "1"]
[WhiteTeam "Praha Bohemians II"]
[BlackTeam "Most Chess"]
[WhiteTeamCountry "CZE"]
[BlackTeamCountry "CZE"]

1. d4 Nf6 2. c4 c5 3. d5 e6 4. Nc3 exd5 5. cxd5 g6 6. g3 d6 7. Bg2 Bg7 8. Nf3 0-0 9. 0-0 Re8 10. Re1 a6 11. a4 b6 12. Bf4 Nh5 13. Bg5 f6 14. Bd2 Ra7 15. Rb1 Bh8 16. b4 Nd7 17. Qb3 Ne5 18. bxc5 bxc5 19. Nxe5 Rxe5 20. Qb8 Rc7 21. Ne4 f5 22. Ba5 1-0

[Event "CZE-chT2C 1213"]
[Site "Czech Republic"]
[Date "2012.12.02"]
[Round "4.6"]
[White "Matejka, Petr"]
[Black "Seidl, Antonin"]
[Result "1-0"]
[WhiteElo "2117"]
[BlackElo "2028"]
[PlyCount "73"]
[EventDate "2012.10.14"]
[EventType "team-tourn"]
[EventRounds "11"]
[EventCountry "CZE"]
[SourceTitle "EXT 2015"]
[Source "ChessBase"]
[SourceDate "2014.11.20"]
[SourceVersion "1"]
[SourceVersionDate "2014.11.20"]
[SourceQuality "1"]
[WhiteTeam "Praha Bohemians II"]
[BlackTeam "Jihlava Gambit"]
[WhiteTeamCountry "CZE"]
[BlackTeamCountry "CZE"]

1. d4 Nf6 2. c4 e5 3. dxe5 Ng4 4. e6 dxe6 5. Qxd8+ Kxd8 6. Nf3 Nc6 7. Bd2 Nb4 8. Na3 c6 9. Bc3 f6 10. h3 Nh6 11. g4 Nf7 12. Bg2 e5 13. Nh4 Be6 14. 0-0 Kc7 15. Rfc1 Rd8 16. Be1 Na6 17. Nb5+ Kb8 18. Na3 Bxa3 19. bxa3 Rd4 20. Rab1 Kc8 21. c5 Bxa2 22. Rb2 Be6 23. e3 Rd7 24. Bf1 Nc7 25. Rcb1 Nd5 26. a4 Nd8 27. Nf5 Bxf5 28. gxf5 Nc7 29. Bc4 Na8 30. Ba5 b6 31. cxb6 axb6 32. Bxb6 Nxb6 33. Rxb6 Rd6 34. Rb8+ Kc7 35. Kg2 Re8 36. Be6 Nxe6 37. R1b7# 1-0

[Event "RM-2011-0-00084"]
[Site "LSS email"]
[Date "2011.12.03"]
[Round "?"]
[White "Matejka, Petr"]
[Black "Nemec, Zdenek"]
[Result "1/2-1/2"]
[WhiteElo "2307"]
[BlackElo "2228"]
[PlyCount "68"]
[EventDate "2011.11.03"]
[EventType "tourn (corr)"]
[EventRounds "6"]
[EventCountry "GER"]
[SourceTitle "Telechess CBM 155"]
[Source "ChessBase"]
[SourceDate "2013.07.16"]
[SourceVersion "1"]
[SourceVersionDate "2013.07.16"]
[SourceQuality "1"]

1. e4 e5 2. Nf3 Nc6 3. Bb5 a6 4. Ba4 Nf6 5. 0-0 Be7 6. Re1 b5 7. Bb3 0-0 8. c3 d5 9. exd5 Nxd5 10. Nxe5 Nxe5 11. Rxe5 c6 12. d4 Bd6 13. Re1 Qh4 14. g3 Qh3 15. Be3 Bg4 16. Qd3 Rae8 17. Nd2 Qh5 18. a4 Re6 19. axb5 axb5 20. Bxd5 Qxd5 21. c4 bxc4 22. Qxc4 Rb8 23. Qxd5 cxd5 24. Rec1 h6 25. Ra2 g5 26. Nb1 Bf3 27. Bd2 Bb4 28. Ra4 Bxd2 29. Nxd2 Bh5 30. b4 Re2 31. Nb1 Rb2 32. b5 Bf3 33. Nc3 Rc8 34. Ra3 g4 1/2-1/2

[Event "RM-2011-0-00084"]
[Site "LSS email"]
[Date "2011.12.01"]
[Round "?"]
[White "Matejka, Petr"]
[Black "Khlopov, Sergej"]
[Result "0-1"]
[WhiteElo "2307"]
[BlackElo "2146"]
[PlyCount "76"]
[EventDate "2011.11.03"]
[EventType "tourn (corr)"]
[EventRounds "6"]
[EventCountry "GER"]
[SourceTitle "Telechess CBM 155"]
[Source "ChessBase"]
[SourceDate "2013.07.16"]
[SourceVersion "1"]
[SourceVersionDate "2013.07.16"]
[SourceQuality "1"]

1. e4 c6 2. d4 d5 3. exd5 cxd5 4. c3 Nc6 5. Nf3 Qc7 6. Na3 Bg4 7. h3 Bh5 8. Nb5 Qb8 9. g4 Bg6 10. Ne5 Nxe5 11. dxe5 Qxe5+ 12. Be2 Nf6 13. Qa4 Kd8 14. Be3 Nd7 15. Nxa7 Ke8 16. Bb5 Rd8 17. Nc8 Qe4 18. Nb6 Qxa4 19. Bxa4 e6 20. 0-0-0 Bd6 21. Rhe1 f6 22. Nxd7 Rxd7 23. f3 Ke7 24. Bxd7 Kxd7 25. Rg1 Rc8 26. h4 Bf7 27. h5 e5 28. Kd2 Ra8 29. a3 Be8 30. Ke2 Ke6 31. Rd2 h6 32. Kf2 Bb5 33. Rgd1 Bc4 34. Ra1 Bb3 35. Kg2 Kd7 36. Rf1 Rf8 37. f4 Bc4 38. Rff2 e4 0-1

[Event "RM-2011-0-00084"]
[Site "LSS email"]
[Date "2011.11.28"]
[Round "?"]
[White "Wosch, Arkadiusz Janusz"]
[Black "Matejka, Petr"]
[Result "1-0"]
[WhiteElo "2257"]
[BlackElo "2307"]
[PlyCount "45"]
[EventDate "2011.11.03"]
[EventType "tourn (corr)"]
[EventRounds "6"]
[EventCountry "GER"]
[SourceTitle "Telechess CBM 157"]
[Source "ChessBase"]
[SourceDate "2013.11.12"]
[SourceVersion "1"]
[SourceVersionDate "2013.11.12"]
[SourceQuality "1"]

1. e4 e5 2. Nf3 Nc6 3. Bc4 Bc5 4. c3 Nf6 5. d3 d6 6. 0-0 Bg4 7. Nbd2 Qd7 8. a4 a5 9. h3 Bh5 10. Re1 0-0 11. Nf1 h6 12. Ng3 Bg6 13. Nh4 Ne7 14. d4 exd4 15. cxd4 Bb4 16. Nxg6 Nxg6 17. Bd2 Bxd2 18. Qxd2 d5 19. Bb5 c6 20. e5 Ne4 21. Nxe4 dxe4 22. Bf1 Nxe5 23. Rxe4 1-0